| 000 | 01094nam a22003137a 4500 | ||
|---|---|---|---|
| 001 | 000752 | ||
| 003 | DO-SdBNP | ||
| 005 | 20180212153558.0 | ||
| 007 | 000752 | ||
| 008 | 161128b 2001 sp a ||||| |||| 00| 0 spa d | ||
| 020 | _a8434870479 | ||
| 040 |
_aBPMSU _bspa _cBPMSU |
||
| 082 |
_axxxx _bxxxx |
||
| 100 | 1 |
_aPilkey, Dav, _d1966- |
|
| 240 | 1 |
_aThe adventures of captain Underpants. _lEspañol |
|
| 245 | 1 |
_aLas aventuras del capitán Calzoncillos / _c Las aventuDav Pilkey ; ilustraciones, Dav Pilkey ; traducción del inglés, Miguel Azaloa. |
|
| 250 | _a6ª ed. | ||
| 260 |
_aMadrid : _bSM. _c2001. |
||
| 300 |
_a123 p. : _bil. ; _c19 cm. |
||
| 490 | 1 |
_aEl barco de vapor. Serie azul _v92 |
|
| 500 | _a"A partir de 7 años" | ||
| 500 | _aIncluye datos del autor en la solapa de la contracubierta. | ||
| 500 | _aTraducción de: The adventures of captain Underpants | ||
| 700 | 1 |
_aAzaloa, Miguel, _eil. |
|
| 830 | 0 |
_aEl barco de vapor. Serie azul ; _v92 |
|
| 942 |
_2ddc _cBK |
||
| 945 | _aInventariado, 2018 / BT | ||
| 956 |
_2LOPEREZ _310 _620161128 _8BPMSU _a00041 |
||
| 999 |
_c12116 _d12116 |
||